Specifics of certification in informatics in Slovakia

Systém ECDL na Slovensku. Situácia s ECDL pred rokom 2003 a po roku 2003. Rozdielne prístupy k systému ECDL na Slovensku a v Maďarsku. Očakávaný smer vývoja systému ECDL na Slovensku.

Gespeichert in:
Bibliographische Detailangaben
1. Verfasser: Pólya, Attila
Format: Buchkapitel
Sprache:Englisch
Schlagworte:
Tags: Tag hinzufügen
Keine Tags, Fügen Sie das erste Tag hinzu!

MARC

LEADER 00000nla$a2200000$$$4500
001 0111483
005 20240502083257.7
041 0 |a eng 
044 |a HU 
245 1 0 |a Specifics of certification in informatics in Slovakia  |c Attila Pólya 
520 |a Systém ECDL na Slovensku. Situácia s ECDL pred rokom 2003 a po roku 2003. Rozdielne prístupy k systému ECDL na Slovensku a v Maďarsku. Očakávaný smer vývoja systému ECDL na Slovensku. 
610 2 0 |a počítače 
610 2 0 |a využitie počítačov 
610 2 0 |a certifikáty 
610 2 0 |a Slovensko 
610 2 0 |a Maďarsko 
610 2 0 |a ECDL 
100 1 |a Pólya, Attila